000 00336nam a2200133Ia 4500
008 240624s9999 xx 000 0 und d
041 _aeng
082 _a516 COU
100 _aCOURANT RICHARD
245 _aINTRODUCTION TO CALCULUS AND ANALYSIS VO
260 _c1989
_bSpringer
300 _axxiii, : 661 : p. : cm. ; 26
365 _cRS
999 _c25601
_d25601